Fortnite Skins - Statistics

General Stats
  • This quiz has been taken 139 times
  • The average score is 8 of 15
Answer Stats
hint Answer % Correct
tier 100 season 4 omega
87%
tier 100 season 3 the reaper
83%
tier 100 season 5 ragnarok
71%
tier 70 season 2 black knight
70%
tier 1 season 5 drift
68%
tier 100 season 6 dire
65%
tier 1 season 4 carbide
56%
epic halloween skin (female) season 1 ghoul trooper
49%
season 1 season shop renegade raider
49%
tier 1 season 6 calamity
46%
tier 1 season 4 battlehawk
42%
tier 1 season 6 dj yonder
35%
tier 1 season 5 huntress
31%
epic christmas skin (male) season 2 merry marauder
23%
epic christmas skin (female) season 2 ginger gunner
22%
No matching quizzes found
Score Distribution
Percent of People with Each Score
Percentile by Number Answered
Your Score History
You have not taken this quiz